| 000 | 00755nam a2200253 i 4500 | ||
|---|---|---|---|
| 001 | bg | ||
| 100 | 1 | _aNIESZPOREK, Tadeusz. | |
| 245 | 1 | 0 |
_aJęzyki programowania - Delphi. _nT. 1 / _cTadeusz Nieszporek, Andrzej Piotrowski ; Politechnika Częstochowska. |
| 260 |
_aCzęstochowa : _bWydawnictwa PC, _c2004. |
||
| 300 |
_a285 s. : _brys., wykr. ; _c25 cm. |
||
| 504 | _aBibliogr. s. 285. | ||
| 650 | 9 | _aDelphi | |
| 655 | _aPodręczniki akademickie | ||
| 700 | 1 | _aPIOTROWSKI, Andrzej | |
| 710 | 0 | _aPolitechnika Częstochowska | |
| 015 | _aPB 4284/2005 | ||
| 020 | _a837193260X | ||
| 040 | _cBPK | ||
| 041 | 0 | _apol | |
| 080 | _a004.438A/Z:004.42](075.8) | ||
| 920 | _a83-7193-260-X | ||
| 942 | _cKS | ||
| 008 | s pl f |000 0 pol | ||
| 999 |
_c46875 _d46875 |
||
| 856 |
_uhttp://koha.tu.koszalin.pl/cgi-bin/koha/opac-detail.pl?biblionumber=46875 _yKatalog online BPK |
||